| 000 | 00874nam a2200217 i 4500 | ||
|---|---|---|---|
| 001 | 179843 | ||
| 003 | ES-MaACL | ||
| 005 | 20250902004949.0 | ||
| 008 | 120201s1924 sp |||| | spa d | ||
| 111 | 2 |
_aCongreso Nacional del Comercio Español en Ultramar _n(1º. _d1923. _cMadrid. _cSevilla) _9149278 |
|
| 245 | 1 | 0 | _aConclusiones del Primer Congreso Nacional del Comercio Español en Ultramar. |
| 260 |
_aMadrid : _b[s.n.], _c1924 ( _fImp. del Ministerio de Estado) |
||
| 300 |
_a64 p. ; _c23 cm. |
||
| 490 | 1 | _aPublicación n. 92 | |
| 594 | _aPrecede al tít.: Centro de Información Comercial del Ministerio de Estado. | ||
| 651 | 4 |
_aEspaña- _xComercio exterior- _zAmérica. _9149279 |
|
| 710 | 2 |
_aCentro de Información Comercial (España) _9149580 |
|
| 830 | 0 |
_aPublicación n. 92 _9224547 |
|
| 852 |
_aES-MaACL _j1667-F-30 |
||
| 999 |
_c179843 _d179843 |
||